000 00483nam a2200169Ia 4500
008 151213s9999 xx 000 0 und d
020 _a9843702551
100 _aDr. Abdul Awal Khan & Dr. M. Abu Taher
245 _aBusiness Communication
_cDr. Abdul Awal Khan & Dr. M. Abu Taher
250 _a1st
260 _aDhaka
_bAbir Published
_c2006
300 _a4275 p.
650 _aBusiness
650 _aBusiness
700 _aDr. Abdul Awal Khan & Dr. M. Abu Taher
999 _c2698
_d2698